02025nam a2200373uu 4500001000800000005001700008007001000025008004100035035001200076040001300088041000800101082000800109084000900117100004900126245007300175260003500248300001300283520059900296650004400895650004600939650003200985650004201017650004101059650002901100650003601129700004701165856006101212942001001273999001901283502001201302526000801314952016301322952016601485143697420260508090502.0co|||||||160330s2015 spa  a1436974 ccomduadb aspa 4a391 aH/CD10aOspina Maya, Sarah Natalia4auteaut974011610aIdentidad, juventud y revolución en la moda, Medellín, 1960-1970 aMedellín :bAutor(a),c2015. a1 CD-ROM3 aEl trabajo de grado "Identidad, juventud y revolución de la moda en Medellín, 1960-1970", es una investigación que se inscribe en los estudios actuales sobre el fenómeno de la moda en la ciudad de Medellín en relación con la juventud. Se concentra en demostrar cómo la moda indumentaria entendida en términos de identidad, revolución y también como proceso de control social, hizo parte de la revolución cultural en la ciudad de Medellín entre las décadas de 1960-1970, así como el papel que ha jugado la moda en la formación de nuevas identidades en la juventud. aJóvenes - Aspectos culturales9207032 7aJuventudxAspectos sociales2lemb9218350 aJóvenes y cultura9204198 7aModaxAspectos sociales2lemb9200733 aModa - Historia - Medellín9198741 aIdentidad y moda9180229 aVida social y costumbres96372810aDavid Bravo, Alba Inés4thseths94293944 uhttps://bibliotecadigital.udea.edu.co/handle/10495/14762 cTESIS c733939d733939 b104c12 a105 001040708DIGITALaCISHbCISHd2016-03-30eMaterial adquirido por donacióniC1242076l0oH/CD-11528p15990633r2023-05-03 00:00:00t1w2023-05-03yDIGITAL 001040708TESDIGBCaBCbBCd2016-03-31eMaterial adquirido por donacióniC1242170l0o391.07 O83 CD-ROMp1045415r2024-07-25 00:00:00t2w2023-05-03yDIGITAL